000 00464nam a2200145Ia 4500
008 220214s9999 xx 000 0 und d
022 _a0041-3216
245 0 _aTropical Agriculture
260 _bImperial College of Tropical Agriculture, Trinidad, West Indies
310 _aQ
500 _aEnding Volume & Year: 75, 1998
500 _aMissing Volume: 66;55(1-2);59(1,4);61(4);62(3);65(3,4);66;71(3-4)
500 _aStarting Volume & Year: 55, 1978
942 _cBJ
999 _c9049
_d9049